[Event "Azov"]
[Site "Azov"]
[Date "1995.??.??"]
[Round "3"]
[White "Khlian, E."]
[Black "Zakharevich, Igor"]
[Result "1/2-1/2"]
[WhiteElo "2455"]
[BlackElo "2425"]

1.c4 Nf6 2.Nc3 g6 3.e4 d6 4.d4 Bg7 5.Be2 O-O 6.Nf3 e5 7.dxe5 dxe5 8.Qxd8 Rxd8
9.Bg5 Re8 10.Nd5 Nxd5 11.cxd5 c6 12.Bc4 b5 13.Bb3 Bb7  1/2-1/2

[Event "Azov"]
[Site "Azov"]
[Date "1995.??.??"]
[Round "7"]
[White "Poluljahov, Aleksandr"]
[Black "Iskusnyh, Sergei"]
[Result "0-1"]
[WhiteElo "2450"]
[BlackElo "2425"]

1.d4 Nf6 2.c4 g6 3.Nc3 Bg7 4.e4 d6 5.Nf3 O-O 6.Be2 e5 7.d5 a5 8.h3 Na6 9.Bg5 Qe8
10.Nd2 Nd7 11.a3 f5 12.exf5 Rxf5 13.Be3 Rf8 14.O-O Ndc5 15.b4 e4 16.Nb5 Nd3
17.Rb1 axb4 18.axb4 Bd7 19.Nxe4 Nxf2 20.Bxf2 Qxe4 21.Bd3 Qf4 22.Qc1 Bxb5
23.cxb5 Nxb4 24.Bc4 Na2 25.Bxa2 Rxa2 26.Qxf4 Rxf4 27.Bg3 Bd4+ 28.Kh2 Rxf1
29.Rxf1 Rb2 30.Rc1 Bb6 31.Bf4 Rxb5 32.Rd1 Rb4 33.Bh6 Rh4 34.Bg5 Rd4 35.Rf1 Rxd5  0-1

[Event "Azov"]
[Site "Azov"]
[Date "1995.??.??"]
[Round "8"]
[White "Pushkov, Nikolai"]
[Black "Gurevich, Vladimir"]
[Result "1/2-1/2"]
[WhiteElo "2505"]
[BlackElo "2445"]

1.c4 Nf6 2.Nf3 g6 3.Nc3 Bg7 4.e4 d6 5.d4 O-O 6.Be2 e5 7.Be3 Ng4 8.Bg5 f6
9.Bh4 Nc6 10.d5 Ne7 11.Nd2 Nh6 12.f3 Nf7 13.Bf2 c5 14.Rb1 Bd7 15.b4 b6 16.a4 a5
17.bxc5 dxc5 18.O-O Nc8 19.Rb2 Nfd6 20.Ndb1 f5 21.Qd2 Ra7 22.Na3 Bf6 23.exf5 gxf5
24.Nab5 Bxb5 25.Nxb5 Rg7 26.Rfb1 e4 27.Rb3 Nxb5 28.Rxb5 Qd6 29.f4 Kh8 30.g3 Rg6
31.Kh1 Bg7 32.Be3 Qc7 33.Qd1 Qe7 34.R5b3 Qd7 35.Ra3 Qc7 36.Rab3 Qd7 37.Rb5 Qe7
38.R5b3 Qd8 39.Ra3 Nd6 40.Rab3 Nc8 41.Bh5 Rgf6 42.Bd2 Qd7 43.Bc3 Rh6 44.Be2 Bxc3
45.Rxc3 Qg7 46.Qe1 Rg8 47.Re3 Qd4 48.Qc3 Qxc3 49.Rxc3 Rf6 50.Kg1 Kg7 51.Kf2 Kf8
52.Rcc1 h5 53.Rg1 Rh6 54.h3 Ke7 55.Rg2 Kd8 56.g4 hxg4 57.hxg4 Rh4 58.Rbg1 fxg4
59.Bxg4 Nd6 60.Ke3 Rf8 61.f5 Ke7 62.Kf4 Rxf5+ 63.Kg3 Rxg4+ 64.Kxg4  1/2-1/2

[Event "Azov"]
[Site "Azov"]
[Date "1995.??.??"]
[Round "9"]
[White "Poluljahov, Aleksandr"]
[Black "Neverov, Valeriy"]
[Result "0-1"]
[WhiteElo "2450"]
[BlackElo "2490"]

1.Nf3 Nf6 2.c4 g6 3.Nc3 Bg7 4.e4 d6 5.d4 O-O 6.Be2 e5 7.d5 Na6 8.Nd2 c6 9.a3 Bd7
10.h4 Rc8 11.h5 cxd5 12.cxd5 Nc5 13.g4 gxh5 14.g5 Ng4 15.Nc4 f5 16.f3 fxe4
17.fxg4 Bxg4 18.Ne3 Nd3+ 19.Kd2 Bxe2 20.Nxe2 Qa5+ 21.b4 Nxb4 22.Bb2 Nxd5+  0-1

[Event "Azov"]
[Site "Azov"]
[Date "1995.??.??"]
[Round "10"]
[White "Zakharstov, Viacheslav V"]
[Black "Gurevich, Vladimir"]
[Result "1/2-1/2"]
[WhiteElo "2440"]
[BlackElo "2445"]

1.d4 Nf6 2.c4 g6 3.Nc3 Bg7 4.e4 d6 5.Nf3 O-O 6.Be2 e5 7.Be3 Ng4 8.Bg5 f6
9.Bc1 Nc6 10.O-O Kh8 11.h3 exd4 12.Nxd4 Nxd4 13.Qxd4 f5 14.Qd1  1/2-1/2

[Event "Azov"]
[Site "Azov"]
[Date "1995.??.??"]
[Round "13"]
[White "Neverov, Valeriy"]
[Black "Zakharevich, Igor"]
[Result "1-0"]
[WhiteElo "2490"]
[BlackElo "2425"]

1.d4 Nf6 2.c4 g6 3.Nc3 Bg7 4.e4 d6 5.Nf3 O-O 6.Be2 e5 7.O-O Qe8 8.dxe5 dxe5
9.Be3 b6 10.Nd5 Na6 11.Nd2 Nd7 12.a3 c6 13.Nb4 Nac5 14.Nxc6 Bb7 15.Nb4 Nxe4
16.Nxe4 Bxe4 17.Nd5 Qd8 18.b4 Re8 19.Qb3 Nf6 20.Nc3 Bc6 21.Rfd1 Qc8 22.Nb5 Bxb5
23.cxb5 Re7 24.Rac1 Qf5 25.a4 Ng4 26.Bxg4 Qxg4 27.a5 Rb8 28.axb6 axb6 29.h3 Qf5
30.Rc6 Reb7 31.Qd5 Qh5 32.Rdc1 Qf5 33.g4 Qd7 34.Qxd7 Rxd7 35.Rc8+ Rd8 36.Rxd8+ Rxd8
37.Bxb6 Re8 38.Bc7 e4 39.b6 e3 40.fxe3 Bh6 41.Re1  1-0

[Event "Bad Ragaz op"]
[Site "Bad Ragaz"]
[Date "1995.??.??"]
[Round "?"]
[White "Nemet, Ivan"]
[Black "Staller, Peter"]
[Result "1-0"]
[WhiteElo "2420"]
[BlackElo "2380"]

1.d4 Nf6 2.c4 g6 3.Nc3 Bg7 4.e4 d6 5.Nf3 O-O 6.Be2 e5 7.O-O Nbd7 8.Re1 c6
9.Bf1 Qb6 10.Na4 Qd8 11.b3 exd4 12.Nxd4 Nc5 13.f3 Nxa4 14.bxa4 Nd7 15.Be3 Nc5
16.Rb1 Re8 17.Bf2 Be5 18.g3 h5 19.f4 Bg7 20.Bg2 Qf6 21.a5 Bg4 22.Qd2 h4 23.a6 hxg3
24.hxg3 Bc8 25.axb7 Bxb7 26.Nb3 Nxb3 27.Rxb3 Ba6 28.c5 dxc5 29.e5 Qe6 30.Bxc5 Red8
31.Bd6 Bf8 32.Rd1 Bc4 33.Ra3 Bb5 34.Kh2 Bxd6 35.exd6 Qf6 36.Re3 Ba4 37.Qd4 Qxd4
38.Rxd4 Bb5 39.a4 Ba6 40.Bxc6  1-0

[Event "Bad Woerishofen op"]
[Site "Bad Woerishofen"]
[Date "1995.??.??"]
[Round "6"]
[White "Lalic, Bogdan"]
[Black "Nisipeanu, Liviu Dieter"]
[Result "1/2-1/2"]
[WhiteElo "2590"]
[BlackElo "2420"]

1.c4 g6 2.d4 Nf6 3.Nf3 Bg7 4.Nc3 O-O 5.e4 d6 6.Be2 e5 7.d5 a5 8.h3 Na6 9.Bg5 Qe8
10.Nd2 Bd7 11.g4 c6 12.Be3 a4 13.a3 cxd5 14.cxd5 b5 15.g5 Nh5 16.Bxh5 gxh5
17.Qxh5 b4 18.Ne2 Bb5 19.Ng3 bxa3 20.bxa3 Qc8 21.Nf5 Qc3 22.Qd1 Rac8 23.f3 Bd7
24.Kf2 Bxf5 25.exf5 f6 26.Rc1 Qxa3 27.Ne4 Rxc1 28.Bxc1 Qa2+ 29.Qd2 Qxd2+
30.Bxd2 fxg5 31.Ra1 Nc7 32.Rxa4 Nxd5 33.Nxd6 Ne7 34.Ne4 Nxf5 35.Nxg5 Nd4
36.Be3 h6 37.Bxd4 hxg5 38.Be3 Bf6 39.Rg4 Kh7 40.Bxg5 Bxg5 41.Rxg5 e4  1/2-1/2

[Event "Bad Woerishofen op"]
[Site "Bad Woerishofen"]
[Date "1995.??.??"]
[Round "8"]
[White "Gabriel, Christian"]
[Black "Al Modiahki, Mohamad"]
[Result "0-1"]
[WhiteElo "2535"]
[BlackElo "2360"]

1.d4 Nf6 2.Nf3 g6 3.c4 Bg7 4.Nc3 O-O 5.e4 d6 6.Be2 e5 7.d5 a5 8.h3 Na6 9.Bg5 Qe8
10.g4 Nd7 11.Nd2 Ndc5 12.h4 f5 13.exf5 gxf5 14.Rg1 Kh8 15.Be3 Bd7 16.Nf3 fxg4
17.Ng5 Bf5 18.Bxg4 Nd3+ 19.Kd2 Nxf2 20.Bxf2 Bxg4 21.Rxg4 Rxf2+ 22.Ke3 Rf4
23.Nce4 Qh5 24.Rg3 Qg6 25.Qh1 Bh6 26.Rag1 Raf8 27.Rg4 Nc5 28.Nxc5 dxc5 29.Rxf4 exf4+
30.Kd2 f3 31.Qh3 f2 32.Rf1 Bxg5+ 33.hxg5 Qxg5+ 34.Qe3 Qxe3+ 35.Kxe3 Kg7  0-1

[Event "Badalona op"]
[Site "Badalona"]
[Date "1995.??.??"]
[Round "7"]
[White "Pogorelov, Ruslan"]
[Black "Colas, Rafael P"]
[Result "1-0"]
[WhiteElo "2445"]
[BlackElo "2310"]

1.Nf3 Nf6 2.c4 g6 3.Nc3 Bg7 4.e4 d6 5.d4 O-O 6.Be2 Nbd7 7.O-O e5 8.Qc2 exd4
9.Nxd4 Re8 10.Be3 Nc5 11.f3 a5 12.Rad1 Nfd7 13.Qd2 Ne5 14.Ndb5 b6 15.b3 Bd7
16.Bg5 f6 17.Bf4 Nf7 18.Qc2 Ne6 19.Bg3 f5 20.exf5 gxf5 21.Bd3 Nd4 22.Nxd4 Bxd4+
23.Bf2 Bxf2+ 24.Rxf2 Qg5 25.f4 Qh5 26.Nd5 Qg6 27.Nxc7 Nh6 28.h3 Re3 29.Nxa8 Rxh3
30.Nxb6 Qg3 31.Nxd7 Ng4 32.Nf6+ Nxf6 33.Bxf5 Qh2+ 34.Kf1 Re3 35.Rf3  1-0

[Event "Badalona op"]
[Site "Badalona"]
[Date "1995.??.??"]
[Round "8"]
[White "Gomez Jurado, Luis Alberto"]
[Black "Hernandez, Gilberto"]
[Result "0-1"]
[WhiteElo "2275"]
[BlackElo "2525"]

1.d4 Nf6 2.Nf3 g6 3.c4 Bg7 4.Nc3 O-O 5.e4 d6 6.Be2 e5 7.d5 a5 8.Bg5 h6 9.Bh4 Na6
10.Nd2 Qe8 11.O-O Nh7 12.f3 f5 13.a3 Bd7 14.b3 Bf6 15.Bf2 Qe7 16.Rb1 Nc5
17.Qc2 Bh4 18.b4 Bxf2+ 19.Rxf2 axb4 20.axb4 Na6 21.Nf1 f4 22.Qb3 Kh8 23.Bd1 h5
24.Ra2 g5 25.Rba1 Rab8 26.Nb5 g4 27.Na7 Ng5 28.Nd2 Rg8 29.Kh1 Rbf8 30.Nc6 Qg7
31.Na5 g3 32.hxg3 Nh3 33.Nf1 fxg3 34.Qe3 Nxb4 35.Rb2 Nf2+ 36.Kg1 Nbd3 37.Rxb7 Rf4
38.Bc2 Rh4 39.Nxg3 Rh1+  0-1

[Event "Hofmann Cup"]
[Site "Baden-Baden"]
[Date "1995.??.??"]
[Round "2"]
[White "Ellers, Holger"]
[Black "Enders, Peter"]
[Result "0-1"]
[WhiteElo "2360"]
[BlackElo "2470"]

1.Nf3 Nf6 2.c4 g6 3.Nc3 Bg7 4.e4 d6 5.d4 O-O 6.Be2 e5 7.d5 a5 8.h3 Na6 9.Bg5 h6
10.Be3 Nh5 11.Nd2 Nf4 12.Bf1 Nc5 13.Nb3 b6 14.g3 Nh5 15.Nd2 Bd7 16.Be2 Nf6
17.g4 Ne8 18.Qc2 a4 19.Rg1 Kh8 20.Nf1 f5 21.exf5 gxf5 22.Qd2 Kh7 23.gxf5 Bxf5
24.Ng3 e4 25.Nh5 Qh4 26.O-O-O Rf7 27.Rg3 a3 28.Nxg7 Nxg7 29.b3 Nd3+ 30.Bxd3 exd3
31.Nb5 Nh5 32.Rf3 Raf8 33.Rxf5 Rxf5 34.Qxd3 Nf4 35.Qc2 Ng6 36.Nxc7 Rxf2 37.Bxf2 Rxf2
38.Qc3 Qf4+ 39.Rd2 Ne5 40.Kc2 Kh8  0-1

[Event "Badenweiler op"]
[Site "Badenweiler"]
[Date "1995.??.??"]
[Round "1"]
[White "Schneider, Heiko"]
[Black "Solonar, Stephan"]
[Result "0-1"]
[WhiteElo "2235"]
[BlackElo "2320"]

1.d4 Nf6 2.c4 d6 3.Nc3 Nbd7 4.Nf3 g6 5.e4 e5 6.Be2 Bg7 7.O-O O-O 8.Bg5 h6
9.Bh4 Re8 10.d5 g5 11.Bg3 Nc5 12.Nd2 a5 13.f3 Nh5 14.Bf2 Nf4 15.a3 a4 16.b4 axb3
17.Nxb3 Na4 18.Nxa4 Rxa4 19.Re1 Nxe2+ 20.Qxe2 b6 21.Rec1 f5 22.Qc2 fxe4 23.fxe4 Bd7
24.Nd2 Qa8 25.Qb3 Qa6 26.Rc3 Ra8 27.Ra2 Bf6 28.Nb1 Kg7 29.Rac2 Ra5 30.Be1 Ba4
31.Qb2 Bxc2 32.Rxc2 Ra4 33.Bb4 Qc8 34.Nc3 R4a6 35.Nb5 Qd7 36.Rf2 Rf8 37.Qe2 Raa8
38.Qh5 Be7 39.Ra2 Rf4 40.Re2 Rh4 41.Qf3 Rf8 42.Qd3 Rhf4 43.Re1 Bd8 44.Nc3 Qf7
45.Nd1 g4 46.Ne3 Bh4 47.g3 Bxg3 48.hxg3 Rf3 49.Re2 Rxg3+ 50.Rg2 Qf2+  0-1

[Event "Baku Cup"]
[Site "Baku"]
[Date "1995.??.??"]
[Round "?"]
[White "Kacheishvili, Giorgi"]
[Black "Zulfugarli, Magomed"]
[Result "1-0"]
[WhiteElo "2440"]
[BlackElo "2400"]

1.d4 Nf6 2.c4 g6 3.Nc3 Bg7 4.e4 d6 5.Be2 O-O 6.Nf3 e5 7.Be3 Ng4 8.Bg5 f6
9.Bh4 Nc6 10.d5 Ne7 11.Nd2 Nh6 12.f3 g5 13.Bf2 f5 14.h3 Ng6 15.g4 fxg4 16.hxg4 Nf4
17.Rh2 Nf7 18.Nf1 h5 19.Ne3 Nh6 20.Nf5 Bxf5 21.exf5 hxg4 22.fxg4 e4 23.Qd2 Nd3+
24.Bxd3 exd3 25.Rg2 Bxc3 26.bxc3 Re8+ 27.Kf1 Re4 28.Qxd3 Rxg4 29.Qh3 Rxg2
30.Qxh6 Rg4 31.Qg6+ Kf8 32.Re1 Qd7 33.Re6 Qg7 34.Qh5 Rf4 35.Rh6 Rxf5 36.Rh8+ Ke7
37.Rxa8  1-0

[Event "Baku Cup"]
[Site "Baku"]
[Date "1995.??.??"]
[Round "?"]
[White "Joussifov, Nariman"]
[Black "Zulfugarli, Magomed"]
[Result "0-1"]
[WhiteElo "2270"]
[BlackElo "2400"]

1.d4 Nf6 2.c4 g6 3.Nc3 Bg7 4.e4 d6 5.Be2 O-O 6.Nf3 e5 7.Be3 Ng4 8.Bg5 f6
9.Bh4 Nc6 10.d5 Ne7 11.Nd2 Nh6 12.f3 g5 13.Bf2 f5 14.O-O Ng6 15.exf5 Nxf5
16.Nde4 Nf4 17.Re1 Nd4 18.Bf1 c6 19.dxc6 bxc6 20.b4 h5 21.h3 d5 22.Nc5 g4
23.fxg4 hxg4 24.h4 Nh3+ 25.gxh3 Rxf2 26.Nd3 Qxh4  0-1

[Event "Baku Cup"]
[Site "Baku"]
[Date "1995.??.??"]
[Round "?"]
[White "Joussifov, Nariman"]
[Black "Gadjilu, Rauf"]
[Result "0-1"]
[WhiteElo "2270"]
[BlackElo "2265"]

1.d4 Nf6 2.c4 g6 3.Nc3 Bg7 4.Nf3 O-O 5.e4 d6 6.Be2 e5 7.Be3 Na6 8.O-O Ng4
9.Bg5 Qe8 10.h3 h6 11.Bc1 exd4 12.Nxd4 Nf6 13.Bf3 Nh7 14.g4 Nc5 15.Re1 h5
16.Bf4 hxg4 17.hxg4 Ne6 18.Be3 c6 19.Kg2 Neg5 20.Rh1 Qe7 21.Qd2 Qf6 22.Be2 Re8
23.f3 Qe7 24.Bf4 Be5 25.Raf1 Bxf4 26.Qxf4 f6 27.Rd1 Rd8 28.Rd2 Be6 29.Nxe6 Qxe6
30.Bd1 Qe5 31.Qe3 Ne6 32.Bb3 Nf4+ 33.Kf1 Ng5 34.Rdh2 Kg7 35.Bd1 a6 36.Ne2 Nxe2
37.Bxe2 Rh8 38.Rxh8 Rxh8 39.Rxh8 Kxh8 40.Qa7 Qe7 41.Kf2 Kg7 42.c5 dxc5 43.Bxa6 Qd6
44.Qxb7+ Kh6 45.Qb3 Qd2+ 46.Be2 Nh3+ 47.Kf1 Nf4 48.Qc4 Qxb2 49.Kf2 Qd2 50.a4 Kg5
51.Qxc5+ Kh4 52.Qc4 Kh3 53.g5 Kh2 54.gxf6 Ng2  0-1

[Event "Baku Cup"]
[Site "Baku"]
[Date "1995.??.??"]
[Round "?"]
[White "Kacheishvili, Giorgi"]
[Black "Gadjilu, Rauf"]
[Result "1/2-1/2"]
[WhiteElo "2440"]
[BlackElo "2265"]

1.d4 Nf6 2.c4 g6 3.Nc3 Bg7 4.e4 d6 5.Be2 O-O 6.Nf3 e5 7.d5 a5 8.Bg5 Qe8 9.Nd2 Nfd7
10.g4 Nc5 11.h4 Nba6 12.h5 h6 13.Be3 f5 14.g5 Nd3+ 15.Bxd3 f4 16.gxh6 Bxh6
17.hxg6 Qxg6 18.Qh5 Qxh5 19.Rxh5 Kh7 20.Nf1 fxe3 21.Nxe3 Kg6 22.Rh2 Bf4 23.Rg2+ Kf7
24.Kd2 Bh3 25.Rgg1 Rg8 26.Ne2 Rxg1 27.Rxg1 Rg8 28.Rh1 Bg2 29.Rh4 Bg5 30.Rh7+ Rg7
31.Rxg7+ Kxg7 32.Ng1 Nc5 33.f3 Bf4 34.b3 Kf7 35.Ke2 Bh2 36.Nxg2 Bxg1 37.Kd2 Bf2
38.Bf1 Kf6 39.Ne3 Bxe3+ 40.Kxe3 a4 41.bxa4 Nxa4 42.a3 Kg5 43.Bd3 Nb2 44.Bf1 b6
45.Be2 Na4 46.Bd1 Nc5 47.Bc2 Nd7 48.Ba4 Nf6 49.Bd1 Nh5 50.Kd3 Kf6  1/2-1/2

[Event "Balatonbereny-C"]
[Site "Balatonbereny"]
[Date "1995.??.??"]
[Round "2"]
[White "Titz, Heimo"]
[Black "Horvath, Adam"]
[Result "1-0"]
[WhiteElo "2300"]
[BlackElo "2235"]

1.c4 Nf6 2.Nc3 g6 3.e4 d6 4.d4 Bg7 5.Nf3 O-O 6.Be2 e5 7.Be3 Nc6 8.d5 Ne7
9.Nd2 Ne8 10.O-O f5 11.f3 f4 12.Bf2 h5 13.c5 g5 14.Nc4 Rf7 15.a4 Bh6 16.Nb5 Rg7
17.cxd6 cxd6 18.Nxa7 g4 19.Nxc8 Rxc8 20.Bb6 Qd7 21.Kh1 Nf6 22.Bg1 gxf3 23.gxf3 Kh8
24.Bf2 Rcg8 25.Rg1 Ng6 26.Nb6 Qf7 27.Bf1 Nf8 28.Rxg7 Qxg7 29.Bh3 N8h7 30.Qe2 Ng5
31.Rg1 Qc7 32.Bf5 h4 33.a5 h3 34.Qd3 Rg7 35.b3 Rg8 36.Nc4 Qe7 37.Bh4 Nfh7
38.Qf1 Rg7 39.Bxh7 Rxh7 40.Rg4 Qf6 41.Qxh3  1-0

[Event "Balatonbereny-B"]
[Site "Balatonbereny"]
[Date "1995.??.??"]
[Round "6"]
[White "Orso, Miklos"]
[Black "Gross, David"]
[Result "1-0"]
[WhiteElo "2400"]
[BlackElo "2385"]

1.d4 Nf6 2.c4 g6 3.Nc3 Bg7 4.e4 d6 5.Be2 O-O 6.Nf3 e5 7.Be3 Ng4 8.Bg5 f6
9.Bc1 Nc6 10.d5 Ne7 11.h3 Nh6 12.g4 Nf7 13.Nh2 c6 14.Be3 f5 15.f3 Bf6 16.Qd2 Bh4+
17.Kd1 f4 18.Bg1 Qa5 19.Nf1 a6 20.Nb1 Qc7 21.a4 Bd7 22.a5 c5 23.b4 b6 24.axb6 Qxb6
25.bxc5 dxc5 26.Qa5 Qb3+ 27.Kc1 Rab8 28.Nfd2 Qb2+ 29.Kd1 Rfc8 30.Bd3 Nd6
31.Qa2 Qb6 32.Qxa6 Qc7 33.Qa5 Rb6 34.Qc3 Nb7 35.Nb3 Rb4 36.Bc2 Rb8 37.Nc1 Bf6
38.Nd3 Na5 39.Nd2  1-0

[Event "Balatonbereny op"]
[Site "Balatonbereny"]
[Date "1995.??.??"]
[Round "7"]
[White "Zimmerman, Yuri"]
[Black "Czebe, Attila"]
[Result "1-0"]
[WhiteElo "2375"]
[BlackElo "2340"]

1.d4 Nf6 2.c4 g6 3.Nc3 Bg7 4.e4 d6 5.Be2 O-O 6.Nf3 Nbd7 7.O-O e5 8.d5 Nc5
9.Qc2 a5 10.Bg5 h6 11.Be3 Ng4 12.Bxc5 dxc5 13.h3 Nf6 14.Nxe5 Nxd5 15.cxd5 Bxe5
16.f4 Bg7 17.Kh2 b6 18.e5 Re8 19.Rad1 Qh4 20.e6 Re7 21.Ne4 Re8 22.Bb5 Rf8
23.Nc3 fxe6 24.Qxg6 Qf6 25.Qe4 Qf5 26.Qxf5 Rxf5 27.Bc4 Bxc3 28.bxc3 b5 29.Bxb5 exd5
30.Bc6 Rb8 31.Bxd5+ Kg7 32.Rf2 Rf6 33.Bc4 Rd6 34.Re1 Kf6 35.Re8 Rdb6 36.Rf8+ Kg6
37.f5+ Kg5 38.h4+ Kxh4 39.Rg8  1-0

[Event "Balatonbereny-B"]
[Site "Balatonbereny"]
[Date "1995.??.??"]
[Round "9"]
[White "Ellers, Holger"]
[Black "Orso, Miklos"]
[Result "1/2-1/2"]
[WhiteElo "2360"]
[BlackElo "2400"]

1.d4 Nf6 2.c4 g6 3.Nc3 Bg7 4.e4 d6 5.Be2 O-O 6.Nf3 e5 7.d5 Na6 8.Bg5 Qe8
9.Nd2 c6 10.O-O h6 11.Be3 Nd7 12.a3 f5 13.f3 Nf6 14.b4 c5 15.Nb3 b6 16.bxc5 Nxc5
17.Nxc5 bxc5 18.Rb1 Nh5 19.Rf2 f4  1/2-1/2

[Event "Oberliga Bayern9596"]
[Site "Bayern"]
[Date "1995.??.??"]
[Round "?"]
[White "Urankar, Hans Peter"]
[Black "Oechslein, Rainer"]
[Result "0-1"]
[WhiteElo "2220"]
[BlackElo "2230"]

1.c4 g6 2.Nc3 Bg7 3.d4 d6 4.Nf3 Nf6 5.e4 O-O 6.Be2 e5 7.O-O Qe8 8.d5 a5 9.Ne1 Na6
10.Nd3 b6 11.f3 Bd7 12.g4 Kh8 13.Qe1 Ng8 14.h4 f5 15.g5 h5 16.Bd2 Ne7 17.Qg3 Nc5
18.Nxc5 bxc5 19.a4 Qb8 20.b3 Kg8 21.Rab1 Ra6 22.Rfd1 Rb6 23.Nb5 c6 24.dxc6 Nxc6
25.Bd3 Nd4 26.Rf1 fxe4 27.fxe4 Rxf1+ 28.Rxf1 Nxb3 29.Bc3 Ra6 30.Qf2 Be6 31.Qb2 Nd4
32.Qd2 Qd8 33.Kg2 Qd7 34.Qe3 Ra8 35.Rf2 Nc6 36.Kh2 Nb4 37.Bf1 Qe7 38.Qd2 Rf8
39.Rxf8+ Bxf8 40.Qf2 Nc6 41.Be2 Qd8 42.Qe1 Be7 43.Bd2 Kg7 44.Kg3 Nb4 45.Qc1 Qd7
46.Qd1 Qc6 47.Nc3 Qe8 48.Qb1 Qc6 49.Be1 Qd7 50.Qd1 Nc6 51.Nb5 Qd8 52.Qd2 Qb8
53.Qd1 Qg8 54.Qc1 Bd8 55.Bd3 Nd4 56.Nxd4 exd4 57.Bd2 Qf7 58.Bf4 Bc7 59.Qc2 d5
60.e5 dxc4 61.Be4 Bf5 62.Bxf5 Qxf5 63.Qxf5 gxf5 64.e6 d3 65.Bxc7 d2 66.g6 d1=Q  0-1

[Event "Regionalliga SW9596"]
[Site "Bayern"]
[Date "1995.??.??"]
[Round "?"]
[White "Lang, Zalan Andreas"]
[Black "Muench, Klaus Norbert"]
[Result "1-0"]
[WhiteElo "2110"]
[BlackElo "2050"]

1.d4 Nf6 2.c4 g6 3.Nc3 Bg7 4.e4 O-O 5.Be2 d6 6.Nf3 e5 7.d5 c5 8.Bg5 h6 9.Bh4 Na6
10.Nd2 Nc7 11.Qc2 Bd7 12.a3 a6 13.b4 b5 14.cxb5 cxb4 15.axb4 Nxb5 16.Nxb5 Bxb5
17.Bxb5 axb5 18.O-O g5 19.Bg3 Qb6 20.Qc6 Qxc6 21.dxc6 Rfc8 22.Rxa8 Rxa8 23.Rc1 d5
24.f3 dxe4 25.Nxe4 Nxe4 26.fxe4 f6  1-0

[Event "Oberliga Bayern9596"]
[Site "Bayern"]
[Date "1995.??.??"]
[Round "?"]
[White "Grundherr, Martin"]
[Black "Haag, Wolfgang"]
[Result "1/2-1/2"]
[WhiteElo "2370"]
[BlackElo "2315"]

1.c4 Nf6 2.Nc3 g6 3.e4 d6 4.d4 Bg7 5.Nf3 O-O 6.Be2 Nbd7 7.O-O e5 8.d5 Nc5
9.Qc2 Nh5 10.b4 Na6 11.Rb1 Nf4 12.Bxf4 exf4 13.c5 dxc5 14.Bxa6 cxb4 15.Rxb4 bxa6
16.Re1 Re8 17.h3 g5 18.e5 f6 19.e6 c6 20.Qb3 cxd5 21.e7 Qd6 22.Qxd5+ Qxd5
23.Nxd5 a5 24.Rb2 f5 25.Rbb1 g4 26.Nc7 Bd7 27.Nxe8 Rxe8 28.Ng5 Bf6 29.Ne6 Rxe7
30.Nxf4 Rxe1+ 31.Rxe1 Kf7 32.Rd1 Ke8 33.Nd5 Bg5 34.hxg4 fxg4 35.Re1+ Kf7
36.Re5 Bd8 37.Kh2 Bh4 38.g3 Bd8 39.Nf4 Bb6 40.Kg1 Bc8 41.Nd5 Bd8 42.Kf1 Ba6+
43.Ke1 Bc4 44.a3 a4 45.Kd2 Bb3 46.Ke3 Kg6 47.Kf4 h5 48.Ke4 h4 49.Re8 Bg5
50.Ne3 Bxe3 51.Kxe3 h3 52.Rh8 Bd5 53.f4 Bg2 54.Kd4 Kf5 55.Kc5 Ke4 56.Kd6 Bf1
57.f5 Bc4 58.Rc8 Bb3 59.f6 Kf3 60.Ke5 h2 61.Rh8 Kxg3 62.Kf5 Kg2 63.Kxg4 h1=Q
64.Rxh1 Kxh1 65.Kf3 Kg1 66.Ke2  1/2-1/2

[Event "Oberliga Bayern9596"]
[Site "Bayern"]
[Date "1995.??.??"]
[Round "?"]
[White "Haag, Wolfgang"]
[Black "Pohl Kuemmel, Jens Uwe"]
[Result "1/2-1/2"]
[WhiteElo "2315"]
[BlackElo "2265"]

1.d4 Nf6 2.c4 g6 3.Nc3 Bg7 4.e4 d6 5.Nf3 O-O 6.Be2 e5 7.O-O Na6 8.Be3 Ng4
9.Bg5 f6 10.Bh4 Qe8 11.Re1 Nh6 12.dxe5 dxe5 13.Bf1 c6 14.a3 Bg4 15.h3 Rd8
16.Qe2 Bxf3 17.Qxf3 Nc5 18.Rad1 Ne6 19.Rxd8 Qxd8 20.Rd1 Qe7 21.b4 Nd4 22.Qd3 Rd8
23.c5 Nf7 24.Qc4 Bh6 25.Rd3 Kg7 26.Ne2 Nxe2+ 27.Bxe2 Rxd3 28.Bxd3 Bg5 29.Bg3 Bf4
30.Bxf4 exf4 31.Qd4 Ne5 32.Bf1 g5 33.Be2 Kf8 34.Bg4 Nxg4 35.hxg4 Kf7 36.f3 Ke6
37.Qc4+ Kd7 38.Qg8 Kc7 39.Kh2 a6 40.Kh3 Kd7 41.Kh2 Kc7 42.Qh8 Kd7 43.Qb8 Ke6
44.g3 fxg3+ 45.Kxg3 Kf7 46.Kf2 Kg7 47.Ke3 h6 48.Kd4 Qf7 49.a4 Kg6 50.Kc3 Qa2
51.Qe8+ Kg7 52.Qd7+ Kg6 53.Qf5+ Kg7 54.Qd7+ Kg6  1/2-1/2

[Event "Oberliga Bayern9495"]
[Site "Bayern"]
[Date "1995.??.??"]
[Round "1"]
[White "Naumkin, Igor"]
[Black "Ankerst, Mihael"]
[Result "1/2-1/2"]
[WhiteElo "2475"]
[BlackElo "2285"]

1.d4 Nf6 2.c4 g6 3.Nc3 Bg7 4.e4 d6 5.Nf3 O-O 6.Be2 e5 7.d5 a5 8.Bg5 h6 9.Bh4 Na6
10.Nd2 Bd7 11.O-O Qb8 12.a3 c6 13.Rb1 cxd5 14.Bxf6 Bxf6 15.Nxd5 Bd8 16.Bg4 Bc6
17.Nc3 Nc5 18.b4 axb4 19.axb4 Na4 20.Nxa4 Bxa4 21.Qc1 h5 22.Be2 Bc6 23.Qc2 Be7
24.Rfe1 Ra3 25.Nf3 Qa7 26.c5 dxc5 27.b5 Bd7 28.Nxe5 Be6 29.Bc4 Bf6 30.Bxe6 Bxe5
31.Bd5 b6 32.Qc1 Kg7 33.f4 Rc3 34.Qd2 Bd4+ 35.Kh1 Qa4 36.e5 Rd8 37.Be4 Re8
38.Bc6 Re7 39.Rbc1 Ra3 40.Qe2 Ra2 41.Qf3 Rf2 42.Qg3 Qa2 43.Qg5 Ra7 44.Qf6+ Kh7
45.Be4 Qd2 46.f5 gxf5 47.Bxf5+ Kg8 48.Qd8+ Kg7 49.Qf6+  1/2-1/2

[Event "Regionalliga SO9495"]
[Site "Bayern"]
[Date "1995.??.??"]
[Round "1"]
[White "Zenker, Ulrich"]
[Black "Scheipl, Ralf"]
[Result "1-0"]
[WhiteElo "2165"]
[BlackElo "2265"]

1.d4 Nf6 2.Nf3 g6 3.c4 Bg7 4.Nc3 O-O 5.e4 d6 6.Be2 e5 7.dxe5 dxe5 8.Qxd8 Rxd8
9.Nd5 Nxd5 10.cxd5 c6 11.Bc4 cxd5 12.Bxd5 Nc6 13.Bxc6 bxc6 14.O-O f5 15.Bg5 Rd3
16.Rac1 Bd7 17.Rfe1 Re8 18.Be3 a6 19.h3 Rd8 20.Bc5 Re8 21.Be3 Rd8 22.Bg5 Re8
23.b3 h6 24.Be3 f4 25.Red1 Rxd1+ 26.Rxd1 Be6 27.Bb6 g5 28.Rd6 Kf7 29.Rxc6 Rc8
30.Rc7+ Rxc7 31.Bxc7 g4 32.Nxe5+ Bxe5 33.Bxe5 gxh3 34.Bxf4 h5 35.gxh3 Bxh3
36.Bg3 Be6 37.f4 a5 38.f5 Bd7 39.Kf2 Kf6 40.Bh4+ Ke5 41.Ke3 a4 42.Bg3+ Kf6
43.Kf4 axb3 44.axb3 Bb5 45.e5+ Kf7 46.e6+ Kg7 47.Kg5 Bd3 48.f6+  1-0

[Event "Regionalliga SO9495"]
[Site "Bayern"]
[Date "1995.??.??"]
[Round "2"]
[White "Krausser, Helmut"]
[Black "Geller, Arpad"]
[Result "1/2-1/2"]
[WhiteElo "2080"]
[BlackElo "2285"]

1.d4 Nf6 2.Nf3 g6 3.c4 Bg7 4.Nc3 O-O 5.e4 d6 6.Be2 e5 7.O-O Nbd7 8.d5 Nc5
9.Qc2 a5 10.Ne1 Ne8 11.Nd3 f5 12.Nxc5 dxc5 13.Be3 b6 14.f3 Nd6 15.a4 f4 16.Bf2 Bf6
17.Nb5 Rf7 18.Qc3 Qe7 19.Rfd1 h5 20.Kf1 Ba6 21.Ke1 Bh4 22.Bxh4 Qxh4+ 23.Kd2 Bxb5
24.cxb5 Re8 25.Rh1 Qf2 26.Raf1 Qd4+ 27.Qxd4 exd4 28.b3 Kg7 29.Bd3 Rf6 30.Rhg1 Nf7
31.Re1 Ne5 32.Be2 g5 33.Ref1 Rg8 34.Rf2 Rg6 35.Rff1 Kf7 36.Rf2 R8g7 37.Rff1 Ke7
38.Rf2 Kf6 39.Rff1 Nf7 40.Rf2 Ke5 41.Rgf1 Rf6 42.Kd3 Nd6 43.h3 Rgg6 44.Rh1 Rh6
45.Rff1 Rfg6 46.Bd1 Nf7 47.Rh2 Kd6 48.Be2 Ne5+ 49.Kd2  1/2-1/2

[Event "Regionalliga SW9495"]
[Site "Bayern"]
[Date "1995.??.??"]
[Round "4"]
[White "Mueller, Marcus"]
[Black "Schreiber, Roland"]
[Result "1-0"]
[WhiteElo "2080"]
[BlackElo "1840"]

1.Nf3 Nf6 2.d4 g6 3.c4 Bg7 4.Nc3 d6 5.e4 O-O 6.Be2 e5 7.d5 Nbd7 8.Bg5 h6
9.Bh4 g5 10.Bg3 Nc5 11.Nd2 a5 12.O-O Bd7 13.b3 c6 14.a3 cxd5 15.cxd5 Qb6
16.h3 Rfc8 17.Rb1 Qc7 18.Rc1 Qb8 19.a4 Ne8 20.Bb5 Nc7 21.Bxd7 Nxd7 22.Nc4 Bf8
23.Qg4 Nc5 24.Nb6 Rd8 25.Nxa8 Qxa8 26.Qd1 Qa6 27.Nb1 b5 28.Nd2 Qb6 29.Qc2 N7a6
30.axb5 Nb4 31.Qc4 Bg7 32.Kh2 Nbd3 33.Rc3 f5 34.f3 f4 35.Be1 Nb2 36.Qe2 h5
37.Nb1 Nbd3 38.Rxd3 Nxd3 39.Qxd3 Rc8 40.Bf2 Qb7 41.Nc3 g4 42.fxg4 hxg4 43.hxg4 Bf6
44.Rc1 Kg7 45.Rh1 Kg6 46.Kg1 Qc7 47.Rh3 Bg5 48.b6 Qd7 49.Qf3 a4 50.bxa4 Rc4
51.a5 Qc8 52.a6 Qxa6 53.Qd3 Qa1+ 54.Kh2 Rb4 55.Rh8 Rb3 56.Qh3 Kf6 57.Qh7  1-0

[Event "Regionalliga SW9495"]
[Site "Bayern"]
[Date "1995.??.??"]
[Round "5"]
[White "Stadelmann, Otto"]
[Black "Klenk, Robert"]
[Result "1/2-1/2"]
[WhiteElo "1790"]
[BlackElo "1910"]

1.d4 Nf6 2.c4 g6 3.Nc3 Bg7 4.Nf3 O-O 5.e4 d6 6.Be2 Nbd7 7.O-O e5 8.d5 Nc5
9.Qc2 a5 10.Be3 Nfd7 11.Nd2 f5 12.f4 exf4 13.Rxf4 Bh6 14.Rf3 Bxe3+ 15.Rxe3 Ne5
16.Bf3 Qg5 17.Rae1 f4 18.R3e2 Bg4 19.Rf1 Ncd7 20.Nb5 Bxf3 21.Nxf3 Nxf3+ 22.Rxf3 Ne5
23.Rf1 f3 24.Ref2 Qe3 25.gxf3 Rxf3 26.Qe2 Qxe2 27.Rxe2 Rxf1+ 28.Kxf1 Rf8+
29.Kg2 Nxc4 30.Nxc7 Kf7 31.Ne6 Rc8 32.Kg3 Ne5 33.h4 Ke7 34.Kf4 Rc1 35.Kg3 Rg1+
36.Kh3 Rh1+ 37.Kg3 Rg1+ 38.Kh3 Rc1 39.Nd4 Nd3 40.Kh2 Ne5 41.Kg2  1/2-1/2

[Event "Regionalliga SW9495"]
[Site "Bayern"]
[Date "1995.??.??"]
[Round "5"]
[White "Silberhorn, Helmut"]
[Black "Schreiber, Roland"]
[Result "1-0"]
[WhiteElo "1985"]
[BlackElo "1875"]

1.d4 Nf6 2.c4 g6 3.Nc3 Bg7 4.e4 d6 5.Nf3 O-O 6.Be2 e5 7.d5 h6 8.O-O Nbd7
9.Ne1 Nh7 10.Nd3 f5 11.exf5 gxf5 12.f4 e4 13.Nf2 Ndf6 14.g4 Kh8 15.Be3 Qe7
16.Kh1 c5 17.Rg1 fxg4 18.Nxg4 Bf5 19.Nf2 Rg8 20.Qd2 Qd7 21.a3 Nf8 22.b4 b6
23.b5 Ng6 24.a4 Nh4 25.a5 Nf3 26.Bxf3 exf3 27.axb6 axb6 28.Rxa8 Rxa8 29.Qd1 Ng4
30.Qxf3 Nxe3 31.Qxe3 Bd4 32.Qd2 Ra3 33.Rc1 Qe7 34.Re1 Qg7 35.Nce4 Qg6 36.Ng3 Rxg3
37.hxg3 Qxg3 38.Re8+ Kg7 39.Qe2 Bf6 40.Ne4 Qh4+ 41.Qh2 Bh3 42.Nxf6 Kxf6 43.Re3 Qg4
44.Rxh3  1-0